Constantine & Rome / (Record no. 18526)

000 -LEADER
fixed length control field 01602cam a22003614a 4500
001 - CONTROL NUMBER
control field 13319187
005 - DATE AND TIME OF LATEST TRANSACTION
control field 20161221160827.0
008 - FIXED-LENGTH DATA ELEMENTS--GENERAL INFORMATION
fixed length control field 030821s2004 ctuab b 001 0 eng
010 ## - LIBRARY OF CONGRESS CONTROL NUMBER
LC control number 2003018712
020 ## - INTERNATIONAL STANDARD BOOK NUMBER
International Standard Book Number 0300100434 (alk. paper)
040 ## - CATALOGING SOURCE
Original cataloging agency DLC
Transcribing agency DLC
Modifying agency DLC
042 ## - AUTHENTICATION CODE
Authentication code pcc
043 ## - GEOGRAPHIC AREA CODE
Geographic area code e-it---
050 00 - LIBRARY OF CONGRESS CALL NUMBER
Classification number NA5620.A1
Item number H65 2004
100 1# - MAIN ENTRY--PERSONAL NAME
Personal name Holloway, R. Ross,
Dates associated with a name 1934-
245 10 - TITLE STATEMENT
Title Constantine & Rome /
Statement of responsibility, etc. R. Ross Holloway.
246 3# - VARYING FORM OF TITLE
Title proper/short title Constantine and Rome
260 ## - PUBLICATION, DISTRIBUTION, ETC. (IMPRINT)
Place of publication, distribution, etc. New Haven :
Name of publisher, distributor, etc. Yale University Press,
Date of publication, distribution, etc. c2004.
300 ## - PHYSICAL DESCRIPTION
Extent xiv, 191 p. :
Other physical details ill., map ;
Dimensions 27 cm.
504 ## - BIBLIOGRAPHY, ETC. NOTE
Bibliography, etc Includes bibliographical references (p. 179-186) and index.
600 00 - SUBJECT ADDED ENTRY--PERSONAL NAME
Personal name Constantine
Numeration I,
Titles and other words associated with a name Emperor of Rome,
Dates associated with a name -337
General subdivision Art patronage.
650 #0 - SUBJECT ADDED ENTRY--TOPICAL TERM
Topical term or geographic name as entry element Architecture, Early Christian
Geographic subdivision Italy
-- Rome.
650 #0 - SUBJECT ADDED ENTRY--TOPICAL TERM
Topical term or geographic name as entry element Architecture
Geographic subdivision Italy
-- Rome.
650 #0 - SUBJECT ADDED ENTRY--TOPICAL TERM
Topical term or geographic name as entry element Christianity and art
Geographic subdivision Italy
-- Rome.
651 #0 - SUBJECT ADDED ENTRY--GEOGRAPHIC NAME
Geographic name Rome (Italy)
General subdivision Buildings, structures, etc.
942 ## - ADDED ENTRY ELEMENTS (KOHA)
Source of classification or shelving scheme
Koha item type Hard Covered Materials
Classification part NA5620.A1H65 2004
Holdings
Withdrawn status Lost status Source of classification or shelving scheme Damaged status Not for loan Home library Current library Shelving location Date acquired Source of acquisition Total Checkouts Full call number Barcode Date last seen Price effective from Koha item type
          MACHAKOS UNIVERSITY LIBRARY MACHAKOS UNIVERSITY LIBRARY Technical section 21/12/2016 Donation (BFA)   NA5620.A1H65 2004 28528 18/07/2018 21/12/2016 Hard Covered Materials
© Machakos University Library, Along The Highway, Machakos Wote Rd, Machakos, Kenya P.O. Box 136 - 90100 Machakos - Kenya

Tel: ( +254 ) 723 805829 OR Fax : 044-20353 OR Email: library@mksu.ac.ke